[Event "Chigorin Memorial 2019"]
[Site "St Petersburg RUS"]
[Date "2019.10.08"]
[Round "4.135"]
[White "Dmitriev, Vladimir"]
[Black "Zhuravlev, Mikhail"]
[Result "1/2-1/2"]
[WhiteElo "1951"]
[BlackElo "1577"]
[WhiteFideId "4175069"]
[BlackFideId "34430237"]
[EventDate "2019.10.05"]

1. e4 e5 2. Nf3 Nf6 3. Nc3 Bb4 4. Bc4 Bxc3 5. dxc3 d6 6. Bg5 Be6 7. Bd3 Nbd7 8.
O-O O-O 9. h3 h6 10. Bh4 Qe7 11. Qd2 Qe8 12. Rad1 Nh7 13. Nh2 g5 14. Bg3 Nc5 15.
Ng4 Bxg4 16. hxg4 Qe6 17. b4 Nxd3 18. cxd3 Qxg4 19. d4 Qe6 20. d5 Qd7 21. c4 f5
22. exf5 Qxf5 23. c5 Nf6 24. f3 Nh5 25. Bf2 Nf4 26. Be3 Qf7 1/2-1/2

[Event "Chigorin Memorial 2019"]
[Site "St Petersburg RUS"]
[Date "2019.10.08"]
[Round "4.136"]
[White "Smirnov, Yaroslav"]
[Black "Novikov, Kirill"]
[Result "1/2-1/2"]
[WhiteElo "1570"]
[BlackElo "1950"]
[WhiteFideId "44110839"]
[BlackFideId "44153635"]
[EventDate "2019.10.05"]

1. d4 Nf6 2. Nf3 g6 3. Bg5 Bg7 4. c3 O-O 5. Nbd2 d6 6. e4 Nbd7 7. Be2 e5 8. dxe5
dxe5 9. O-O h6 10. Bh4 Re8 11. Qc2 g5 12. Bg3 Nh5 13. Nc4 Nf4 14. Rfd1 Qe7 15.
Ne3 Nb6 16. a4 a5 17. Bf1 Be6 18. Rd2 Rad8 19. Rad1 Rxd2 20. Rxd2 Rd8 21. b3 c6
22. Rxd8+ Qxd8 23. Nd2 Bf8 24. Ndc4 Nxc4 25. Bxc4 Bc5 26. Bxe6 Bxe3 27. fxe3
Nxe6 28. Bxe5 Qb6 29. Qf2 Qxb3 30. Qf6 Qd1+ 31. Kf2 Qd2+ 1/2-1/2

[Event "Chigorin Memorial 2019"]
[Site "St Petersburg RUS"]
[Date "2019.10.08"]
[Round "4.137"]
[White "Tskhadadze, Anna"]
[Black "Kvaratskheliya, Tristan"]
[Result "1-0"]
[WhiteElo "1941"]
[BlackElo "1536"]
[WhiteFideId "4165098"]
[BlackFideId "34253637"]
[EventDate "2019.10.05"]

1. d4 d5 2. Bf4 c5 3. c3 Nc6 4. e3 Nf6 5. Nd2 Bf5 6. Qb3 Qb6 7. dxc5 Qxb3 8.
axb3 e5 9. Bg3 Bxc5 10. Bb5 Nd7 11. Ngf3 f6 12. O-O O-O 13. Rfd1 a6 14. Be2 Bb6
15. e4 dxe4 16. Bc4+ Kh8 17. Nxe4 Nc5 18. Nd6 Bc2 19. Nf7+ Rxf7 20. Bxf7 Bxd1
21. Rxd1 Rd8 22. Rxd8+ Bxd8 23. Nd2 f5 24. f3 Nd3 25. Nc4 b5 26. Nd6 Bb6+ 27.
Kf1 f4 28. Bh4 h6 29. Bd5 g5 30. Bxc6 gxh4 31. Bb7 Bc7 32. Ne8 Nc5 33. Nxc7 Nxb7
34. Nxa6 Na5 35. Nc5 Kg7 36. Ne6+ Kf6 37. Nc7 b4 38. Nd5+ Ke6 39. Nxb4 1-0

[Event "Chigorin Memorial 2019"]
[Site "St Petersburg RUS"]
[Date "2019.10.08"]
[Round "4.138"]
[White "Kulnev, Aleksandr"]
[Black "Alekseev, Mikhail"]
[Result "0-1"]
[WhiteElo "1536"]
[BlackElo "1940"]
[WhiteFideId "54157544"]
[BlackFideId "34171069"]
[EventDate "2019.10.05"]

1. e4 c6 2. d4 d5 3. exd5 cxd5 4. c4 Nf6 5. Nc3 g6 6. Nf3 Bg7 7. h3 O-O 8. Bd3
Nc6 9. O-O dxc4 10. Bxc4 Na5 11. Be2 Nd5 12. Nxd5 Qxd5 13. Be3 Nc4 14. Bxc4 Qxc4
15. Ne5 Qd5 16. f4 Bf5 17. Qb3 Qxb3 18. axb3 a6 19. Rfc1 Rfc8 20. Rc3 Bc2 21.
Rxc8+ Rxc8 22. Rc1 Bf5 23. Rxc8+ Bxc8 24. b4 e6 25. Kf2 Bf8 26. Bd2 f6 27. Nd3
Bd6 28. Ke3 b6 29. Nf2 Bb7 30. Ne4 Be7 31. g3 h6 32. h4 Kf7 33. Bc3 f5 34. Nf2
Bg2 35. Nd3 g5 36. Ne5+ Ke8 37. hxg5 hxg5 38. Bd2 Be4 39. Nc4 b5 40. Ne5 Bf6 41.
Kf2 gxf4 42. Bxf4 Bd8 43. Bd2 Ke7 44. Bg5+ Ke8 45. Bd2 Bb6 46. Bc3 Ke7 47. Ke3
Bb1 48. Kf4 Kd6 49. Ke3 0-1

[Event "Chigorin Memorial 2019"]
[Site "St Petersburg RUS"]
[Date "2019.10.08"]
[Round "4.139"]
[White "Pereverzev, Timofei"]
[Black "Sorin, Boris"]
[Result "1-0"]
[WhiteElo "1479"]
[BlackElo "1937"]
[WhiteFideId "24239500"]
[BlackFideId "24125229"]
[EventDate "2019.10.05"]

1. e4 Nf6 2. e5 Nd5 3. d4 d6 4. Nf3 Bg4 5. Be2 e6 6. O-O Be7 7. c3 O-O 8. Nbd2
Nf4 9. Nc4 Nxe2+ 10. Qxe2 d5 11. Ne3 Bh5 12. Kh1 c5 13. Bd2 Nc6 14. Nc2 a6 15.
b4 cxd4 16. cxd4 Rc8 1-0

[Event "Chigorin Memorial 2019"]
[Site "St Petersburg RUS"]
[Date "2019.10.08"]
[Round "4.140"]
[White "Stepanyan, Eva"]
[Black "Nagaeva, Aliia"]
[Result "1-0"]
[WhiteTitle "WFM"]
[WhiteElo "1922"]
[BlackElo "1542"]
[WhiteFideId "34165980"]
[BlackFideId "54152275"]
[EventDate "2019.10.05"]

1. e4 c5 2. Nf3 Nc6 3. d4 cxd4 4. Nxd4 Qc7 5. Nc3 e6 6. Be3 a6 7. Qf3 Nf6 8.
O-O-O Bb4 9. Nxc6 Qxc6 10. Bd4 Be7 11. Qg3 O-O 12. Bd3 Ne8 13. e5 g6 14. h4 Ng7
15. h5 Nf5 16. Qh2 g5 17. Ne2 h6 18. Qh3 Nxd4 19. Nxd4 Qa4 20. Qf3 f5 21. exf6
Bxf6 22. Qe4 Bg7 23. Qh7+ Kf7 24. Kb1 Rh8 25. Qg6+ Kf8 26. Nb3 d5 27. Rh3 Qd7
28. Rf3+ Kg8 29. Nc5 Qe7 30. Re1 b6 31. Nxe6 Ra7 32. Re2 Bd7 33. Nxg7 Qxg7 34.
Re8+ 1-0

[Event "Chigorin Memorial 2019"]
[Site "St Petersburg RUS"]
[Date "2019.10.08"]
[Round "4.141"]
[White "Shaymardanov, Bakhtiyar"]
[Black "Nikitin, Georgy"]
[Result "1-0"]
[WhiteElo "1470"]
[BlackElo "1920"]
[WhiteFideId "34348190"]
[BlackFideId "34115959"]
[EventDate "2019.10.05"]

1. d4 d5 2. c4 e6 3. Nf3 Nf6 4. g3 dxc4 5. Bg2 Nbd7 6. O-O c5 7. dxc5 Bxc5 8.
Nbd2 Nb6 9. Ne5 Qc7 10. Nexc4 Nxc4 11. Nxc4 Bxf2+ 12. Rxf2 Qxc4 13. Bg5 Nd5 14.
e4 h6 15. exd5 hxg5 16. d6 Bd7 17. Qc1 Qb5 18. a4 Qe5 19. Bxb7 Rd8 20. Qc3 Qxd6
21. Qxg7 Rf8 22. Raf1 Qe7 23. Bf3 Bxa4 24. Bh5 Qc5 25. Bxf7+ Kd7 26. Be8+ Kxe8
27. Qxf8+ 1-0

[Event "Chigorin Memorial 2019"]
[Site "St Petersburg RUS"]
[Date "2019.10.08"]
[Round "4.142"]
[White "Sorokin, Artem"]
[Black "Vershinina, Anastasiia"]
[Result "0-1"]
[WhiteElo "1904"]
[BlackElo "1466"]
[WhiteFideId "44133561"]
[BlackFideId "54106559"]
[EventDate "2019.10.05"]

1. e4 c5 2. Nf3 e6 3. d4 cxd4 4. Nxd4 a6 5. Nc3 Nc6 6. Be2 Qc7 7. O-O Nf6 8. Be3
Bb4 9. Na4 Bd6 10. Nxc6 Bxh2+ 11. Kh1 bxc6 12. Nb6 Rb8 13. Nxc8 Rxc8 14. f4 Bg3
15. Rf3 Nh5 16. e5 Qd8 17. Bxa6 Ra8 18. Bc4 Qh4+ 19. Kg1 Qh2+ 20. Kf1 Bxf4 21.
Rh3 Ng3+ 22. Kf2 Bxe3+ 23. Kf3 Qg1 24. Qxg1 Bxg1 25. Rxg1 Nf5 26. Rd1 Ra4 27.
Bb3 Ra5 28. Ke4 Ke7 0-1

[Event "Chigorin Memorial 2019"]
[Site "St Petersburg RUS"]
[Date "2019.10.08"]
[Round "4.144"]
[White "Kuleshov, Dmitrii"]
[Black "Borisov, Sergey"]
[Result "0-1"]
[WhiteElo "1245"]
[BlackElo "1885"]
[WhiteFideId "24276880"]
[BlackFideId "4169301"]
[EventDate "2019.10.05"]

1. e4 c5 2. Nf3 Nc6 3. d4 cxd4 4. Nxd4 e5 5. Nb5 d6 6. N1c3 a6 7. Na3 b5 8. Nd5
Nf6 9. Bg5 Be7 10. Nxf6+ Bxf6 11. Be3 O-O 12. c3 Be6 13. Nc2 d5 14. exd5 Bxd5
15. f3 Qd7 16. Be2 Rfd8 17. O-O Qe6 18. Qb1 h6 19. a4 Bc4 20. Qe1 Bg5 21. Qf2
Bxe3 22. Nxe3 Bxe2 23. Qxe2 b4 24. Rad1 bxc3 25. bxc3 Qb3 26. Qc2 Qb6 27. Qf2
Qc5 28. Rxd8+ Rxd8 29. Nd1 0-1

[Event "Chigorin Memorial 2019"]
[Site "St Petersburg RUS"]
[Date "2019.10.08"]
[Round "4.145"]
[White "Borisenko, Ekaterina"]
[Black "Sheynin, Izrail"]
[Result "0-1"]
[WhiteElo "1442"]
[BlackElo "1871"]
[WhiteFideId "34276416"]
[BlackFideId "4186230"]
[EventDate "2019.10.05"]

1. c4 Nf6 2. g3 g6 3. Bg2 Bg7 4. Nf3 O-O 5. O-O d6 6. d3 e5 7. Nc3 Nc6 8. Rb1 a5
9. a3 Bd7 10. b4 axb4 11. axb4 Nd4 12. b5 Qc8 13. Nxd4 exd4 14. Nd5 Nxd5 15.
Bxd5 Bh3 16. Re1 Re8 17. Bb2 c6 18. Bg2 0-1

[Event "Chigorin Memorial 2019"]
[Site "St Petersburg RUS"]
[Date "2019.10.08"]
[Round "4.148"]
[White "Bajaramov, Elvin"]
[Black "Shceglov, Mikhail"]
[Result "1/2-1/2"]
[WhiteElo "1881"]
[BlackElo "1590"]
[WhiteFideId "24142514"]
[BlackFideId "44164130"]
[EventDate "2019.10.05"]

1. e4 c5 2. Nf3 d6 3. d4 cxd4 4. Nxd4 Nf6 5. Nc3 Nc6 6. Bc4 a6 7. O-O e6 8. Be3
Bd7 9. Qe2 b5 10. Bd3 Be7 11. Rad1 O-O 12. f4 Qc7 13. Qf3 Nxd4 14. Bxd4 e5 15.
Be3 Bg4 16. Qg3 Bxd1 17. Rxd1 Kh8 18. Kh1 b4 19. fxe5 dxe5 20. Na4 Rab8 21. b3
Rfd8 22. Rf1 Rd7 23. Nb2 Bc5 24. Bc1 Rb6 25. Nc4 Re6 26. h3 Bd4 27. Nd2 Nh5 28.
Qe1 Nf4 29. Bc4 Rg6 30. g3 Nxh3 31. Nf3 Nf2+ 32. Kg2 Ng4 33. Qxb4 h6 34. Qf8+
Kh7 35. Nh4 Rd8 36. Nxg6 Rxf8 37. Nxf8+ Kh8 38. Rxf7 Qc6 39. Ng6+ Kh7 1/2-1/2

[Event "Chigorin Memorial 2019"]
[Site "St Petersburg RUS"]
[Date "2019.10.08"]
[Round "4.149"]
[White "Shojhet, Sofiy"]
[Black "Romanov, Nikita M."]
[Result "0-1"]
[WhiteElo "1813"]
[BlackElo "1587"]
[WhiteFideId "24172405"]
[BlackFideId "34273875"]
[EventDate "2019.10.05"]

1. e3 Nf6 2. Nf3 d6 3. c4 g6 4. Nc3 Bg7 5. Be2 O-O 6. O-O e5 7. d3 Nc6 8. b3 e4
9. Nd4 exd3 10. Qxd3 Ne5 11. Qc2 Bd7 12. Bb2 h5 13. Rfd1 Nc6 14. a3 Nxd4 15.
exd4 Bf5 16. Qd2 d5 17. Bf3 Be6 18. Qg5 dxc4 19. d5 Bg4 20. Bxg4 Nxg4 21. Qxd8
Rfxd8 22. bxc4 Ne5 23. Nb5 a6 24. Nxc7 Rac8 25. Re1 Nxc4 26. Bxg7 Kxg7 27. Re7
Kf8 28. Rae1 Nd6 29. g4 hxg4 30. Nxa6 bxa6 31. Ra7 Nb5 32. Rxa6 Rxd5 0-1

[Event "Chigorin Memorial 2019"]
[Site "St Petersburg RUS"]
[Date "2019.10.08"]
[Round "4.150"]
[White "Petrova, Varvara"]
[Black "Paltusov, Sergei"]
[Result "0-1"]
[WhiteElo "1647"]
[BlackElo "1798"]
[WhiteFideId "54191254"]
[BlackFideId "24128147"]
[EventDate "2019.10.05"]

1. e4 c6 2. d4 d5 3. f3 e6 4. Nc3 Nf6 5. Be3 Bb4 6. e5 Nfd7 7. Qd2 Qa5 8. Bd3 c5
9. f4 cxd4 10. Bxd4 Nc6 11. Nf3 Nxd4 12. Nxd4 Bxc3 13. bxc3 a6 14. O-O Nc5 15.
Rfe1 Nxd3 16. cxd3 O-O 17. Rab1 b5 18. Kh1 Bd7 19. Nb3 Qc7 20. d4 Rfb8 21. Nc5
Rb6 22. Rec1 Rab8 23. a3 Bc8 24. Rb2 Bd7 25. Kg1 Qd8 26. g3 Qc7 27. Kf2 Rf8 28.
Kg2 Rfb8 29. h3 Be8 30. Qe2 Rc6 31. Nd3 Rc8 32. Rb3 f6 33. Nb4 Rb6 34. Qd2 Bg6
35. Rb2 Qf7 36. Rf1 Be4+ 37. Kh2 Qc7 38. Rc1 Qc4 39. exf6 gxf6 40. Qe2 Qxe2+ 41.
Rxe2 a5 42. Na2 Rbc6 43. Rd2 Rc4 44. Rb2 Rb8 45. Rd1 Ra4 46. c4 Rxc4 47. Rdd2 b4
48. axb4 axb4 49. Rb3 Bc2 50. Rb2 b3 51. Nc1 Rbb4 52. Ne2 Ra4 53. Nc1 Ra3 54. g4
Kg7 55. Kg3 Kg6 56. Kh2 h5 57. Kg3 Rc3+ 58. Kh4 hxg4 59. hxg4 Ra8 60. f5+ exf5 0-1

[Event "Chigorin Memorial 2019"]
[Site "St Petersburg RUS"]
[Date "2019.10.08"]
[Round "4.151"]
[White "Akhmedov, David"]
[Black "Kobak, Polina"]
[Result "1/2-1/2"]
[WhiteElo "1785"]
[BlackElo "1549"]
[WhiteFideId "34220194"]
[BlackFideId "24269727"]
[EventDate "2019.10.05"]

1. e4 c5 2. Nf3 Nc6 3. g3 d6 4. Bg2 g6 5. O-O Bg7 6. c3 e5 7. d3 Nge7 8. a3 O-O
9. b4 a6 10. Bb2 h6 11. Nbd2 Be6 12. Nc4 f5 13. Ne3 f4 14. Nc2 Bb3 15. Qd2 g5
16. g4 Qe8 17. d4 cxd4 18. cxd4 Rc8 19. Rac1 Qg6 20. d5 Nb8 21. Na1 Ba4 22. Rfe1
Bd7 23. h3 h5 24. Nh2 hxg4 25. hxg4 Kf7 26. f3 Kg8 27. Nb3 Bb5 28. Qf2 Nd7 29.
Bf1 Bxf1 30. Rxf1 Qe8 31. Na5 b5 32. Qa7 Qd8 33. Rxc8 Nxc8 34. Qxa6 Qb6+ 35.
Qxb6 Ncxb6 36. Rc1 Rc8 37. Rxc8+ Nxc8 38. Nf1 Bf6 39. Nb7 Ndb6 40. Nd2 Kf7 41.
Nb1 Nc4 42. Bc1 Ke8 43. Nc3 Na7 44. Kf2 Kd7 45. Ke2 Kc7 46. Na5 Nxa5 47. bxa5
Kb7 48. Bb2 Bd8 49. Nd1 Ka6 1/2-1/2

[Event "Chigorin Memorial 2019"]
[Site "St Petersburg RUS"]
[Date "2019.10.08"]
[Round "4.152"]
[White "Laukhina, Margarita A."]
[Black "Fedorov, Egor"]
[Result "0-1"]
[WhiteElo "1770"]
[BlackElo "1489"]
[WhiteFideId "54192730"]
[BlackFideId "44126565"]
[EventDate "2019.10.05"]

1. e4 c5 2. Nf3 d6 3. d4 cxd4 4. Nxd4 Nf6 5. Nc3 a6 6. h3 e6 7. Be3 Nbd7 8. Qd2
b5 9. f3 Bb7 10. O-O-O Nb6 11. g4 Nfd7 12. Qf2 Rc8 13. Nb3 Qc7 14. h4 Nc4 15.
Bxc4 bxc4 16. Nd4 Nc5 17. Qe2 Qa5 18. Kb1 Na4 19. Nxa4 Qxa4 20. c3 Rb8 21. Bc1
h5 22. g5 g6 23. Nc2 a5 24. Ne3 Ba6 25. Qd2 Qc6 26. Qd4 Rg8 27. Nc2 Bb5 28. f4
Ba4 29. f5 Bg7 30. Qxd6 Bxc2+ 31. Kxc2 Qxe4+ 32. Kd2 Rd8 0-1

[Event "Chigorin Memorial 2019"]
[Site "St Petersburg RUS"]
[Date "2019.10.08"]
[Round "4.153"]
[White "Terman, Alexander"]
[Black "Bugaev, Anton"]
[Result "1-0"]
[WhiteElo "1577"]
[BlackElo "1758"]
[WhiteFideId "44157363"]
[BlackFideId "54176085"]
[EventDate "2019.10.05"]

1. d4 Nf6 2. c4 g6 3. Nc3 d5 4. cxd5 Nxd5 5. Bd2 Nb6 6. Nf3 Bg7 7. e3 O-O 8. Be2
Nc6 9. O-O e6 10. a3 Qe7 11. Na4 Rd8 12. Nxb6 axb6 13. Qb3 e5 14. d5 e4 15. dxc6
exf3 16. Bb4 Qg5 17. Bxf3 bxc6 18. Bxc6 Be6 19. Qc2 Rab8 20. Rac1 Bf5 21. e4 Be6
22. Bc3 Bc4 23. Rfd1 Bxc3 24. Qxc3 Be2 25. Rxd8+ Rxd8 26. Bd5 c5 27. Re1 Bb5 28.
h3 Qe7 29. Re3 Be8 30. Rf3 Qg5 31. Qf6 Qxf6 32. Rxf6 b5 33. Rb6 Kg7 34. f3 Rc8
35. Rb7 Kf6 36. Kf2 g5 37. Ke3 Kg6 38. Kd3 f6 39. Kc3 h5 40. Be6 g4 41. Bxc8 1-0

[Event "Chigorin Memorial 2019"]
[Site "St Petersburg RUS"]
[Date "2019.10.08"]
[Round "4.154"]
[White "Makshanov, Matvey"]
[Black "Korolev, Artem"]
[Result "1-0"]
[WhiteElo "1753"]
[BlackElo "1459"]
[WhiteFideId "24218081"]
[BlackFideId "44170017"]
[EventDate "2019.10.05"]

1. e4 d6 2. d4 Nf6 3. Nc3 e5 4. dxe5 dxe5 5. Qxd8+ Kxd8 6. Bc4 Be6 7. Bxe6 fxe6
8. Be3 Nbd7 9. O-O-O Bd6 10. Nf3 Ke7 11. Nd2 a6 12. a4 Bb4 13. Ndb1 Rhd8 14. f3
c6 15. Rd3 Bc5 16. Nd2 b5 17. Rd1 Bxe3 18. Rxe3 Nc5 19. b4 Nxa4 20. Nxa4 bxa4
21. Ra3 a5 22. Rxa4 axb4 23. Rxb4 Nh5 24. Rb7+ Kf6 25. g3 c5 26. Rf1 Ra1+ 27.
Kb2 Rxf1 28. Nxf1 Kg6 29. Ne3 Rd2 30. Ng4 Kg5 31. h4+ Kg6 32. Nxe5+ Kh6 33. g4
Nf4 34. Nf7+ Kg6 35. h5+ Kf6 36. e5# 1-0

[Event "Chigorin Memorial 2019"]
[Site "St Petersburg RUS"]
[Date "2019.10.08"]
[Round "4.155"]
[White "Kudryavtseva, Anastasia"]
[Black "De Luna Butz, Alberto"]
[Result "1/2-1/2"]
[WhiteElo "1501"]
[BlackElo "1770"]
[WhiteFideId "44166320"]
[BlackFideId "2269007"]
[EventDate "2019.10.05"]

1. d4 e6 2. c4 Nf6 3. Nc3 d5 4. Nf3 Nbd7 5. Bg5 c6 6. cxd5 cxd5 7. e3 Be7 8. Bd3
h6 9. Bxf6 Bxf6 10. O-O O-O 11. Rc1 Nb6 12. Qe2 Bd7 13. e4 Rc8 14. e5 Bg5 15.
Nxg5 Qxg5 16. f4 Qe7 17. a3 a6 18. Kh1 Na4 19. Nxa4 Bxa4 20. Qd2 Bd7 21. b4 Rxc1
22. Rxc1 Rc8 23. g3 Qd8 24. Rc3 Rxc3 25. Qxc3 Qc8 26. Qxc8+ Bxc8 27. Kg2 Kf8 28.
Kf2 Ke7 29. Ke2 Bd7 30. Kd2 Bb5 31. Bxb5 axb5 32. g4 g6 33. Ke3 f5 34. Kf3 Kf7
35. Kg3 Kg7 36. Kh4 fxg4 37. Kxg4 Kf7 38. h3 Kg7 39. h4 Kf7 40. Kf3 h5 1/2-1/2

[Event "Chigorin Memorial 2019"]
[Site "St Petersburg RUS"]
[Date "2019.10.08"]
[Round "4.156"]
[White "Panchenko, Sergey"]
[Black "Leonova, Ameliya"]
[Result "0-1"]
[WhiteElo "1465"]
[BlackElo "1748"]
[WhiteFideId "54158354"]
[BlackFideId "13512730"]
[EventDate "2019.10.05"]

1. e4 c5 2. Nf3 Nc6 3. d4 cxd4 4. Nxd4 g6 5. c4 Bg7 6. Nxc6 bxc6 7. Bd3 Nf6 8.
O-O d6 9. Nc3 O-O 10. Be3 Be6 11. f4 Ng4 12. Qe2 Nxe3 13. Qxe3 Qb6 14. Qxb6 axb6
15. f5 Bd7 16. g3 Ra7 17. Rac1 Rfa8 18. a3 gxf5 19. exf5 Ra5 20. g4 Bd4+ 21. Kg2
Re5 22. b4 Re3 23. Rfd1 Be5 24. Ne2 c5 25. Kf2 Rh3 26. Be4 Rxh2+ 27. Kf1 Rc8 0-1

[Event "Chigorin Memorial 2019"]
[Site "St Petersburg RUS"]
[Date "2019.10.08"]
[Round "4.157"]
[White "Ageeva, Vasilisa"]
[Black "Lezin, Aleksandr"]
[Result "1-0"]
[WhiteElo "1742"]
[BlackElo "1307"]
[WhiteFideId "24186120"]
[BlackFideId "54147239"]
[EventDate "2019.10.05"]

1. Nc3 e5 2. e4 d6 3. Bc4 g6 4. d3 Bg7 5. f4 exf4 6. Bxf4 Ne7 7. Nf3 O-O 8. O-O
Nbc6 9. Ng5 Qe8 10. Nxf7 Rxf7 11. Bxd6 cxd6 12. Bxf7+ Qxf7 13. Rxf7 Kxf7 14.
Qf3+ Kg8 15. Nb5 Bd7 16. Qg3 Bxb2 17. Rf1 Be5 18. Qg5 a6 19. Nc7 Rc8 20. Nd5
Bd4+ 21. Kh1 Rf8 22. Rxf8+ Kxf8 23. Qf4+ Ke8 24. Qxd6 Nxd5 25. Qxd5 Bg4 26. Qg8+
Kd7 27. Qxh7+ 1-0

[Event "Chigorin Memorial 2019"]
[Site "St Petersburg RUS"]
[Date "2019.10.08"]
[Round "4.158"]
[White "Chereshkevich, Yuri"]
[Black "Ananjev, Ilija"]
[Result "0-1"]
[WhiteElo "1478"]
[BlackElo "1741"]
[WhiteFideId "34282882"]
[BlackFideId "34166979"]
[EventDate "2019.10.05"]

1. d4 Nf6 2. Nf3 d5 3. e3 e6 4. Bd3 Be7 5. Nbd2 Nbd7 6. b3 b6 7. Bb2 Bb7 8. O-O
c5 9. Ne5 Rc8 10. g4 g6 11. Qe2 O-O 0-1

[Event "Chigorin Memorial 2019"]
[Site "St Petersburg RUS"]
[Date "2019.10.08"]
[Round "4.159"]
[White "Soloviev, Mikhail"]
[Black "Kalashnikov, Fedor"]
[Result "1/2-1/2"]
[WhiteElo "1704"]
[BlackElo "1387"]
[WhiteFideId "54106001"]
[BlackFideId "34294031"]
[EventDate "2019.10.05"]

1. d4 Nf6 2. Nf3 g6 3. c4 Bg7 4. Nc3 d6 5. e4 O-O 6. Be2 Nbd7 7. h3 e5 8. Be3
Re8 9. d5 b6 10. Nd2 a5 11. O-O Nc5 12. a3 Rf8 13. b4 axb4 14. axb4 Rxa1 15.
Qxa1 Nb7 16. Nb3 Nd7 17. Qa7 f5 18. f3 f4 19. Bf2 Bf6 20. Nd1 Bh4 21. Bxh4 Qxh4
22. Nf2 Qe7 23. Rc1 Kg7 24. c5 dxc5 25. Ba6 Nd6 26. Bxc8 Rxc8 27. bxc5 Nxc5 28.
Nxc5 bxc5 29. Qxc5 Kf6 30. Qc3 h5 31. Nd3 g5 32. Qc6 Qe8 33. Qc3 Qe7 34. Qa5 g4
35. hxg4 hxg4 36. Nf2 g3 37. Ng4+ Kg5 38. Qc3 Nf7 39. Qb2 Rd8 40. Qc3 Rc8 41.
Kf1 Qd6 42. Qc6 Rh8 43. Qxc7 Rh1+ 44. Ke2 Rxc1 45. Qxc1 Qa6+ 46. Ke1 Qa5+ 47.
Kf1 Qa6+ 48. Kg1 Qa7+ 49. Kf1 Nh6 50. Qc2 1/2-1/2

[Event "Chigorin Memorial 2019"]
[Site "St Petersburg RUS"]
[Date "2019.10.08"]
[Round "4.160"]
[White "Vorontsov, Dmitry"]
[Black "Frolov, Zakhar"]
[Result "1/2-1/2"]
[WhiteElo "1683"]
[BlackElo "1213"]
[WhiteFideId "24156892"]
[BlackFideId "34428380"]
[EventDate "2019.10.05"]

1. Nf3 d5 2. g3 Nc6 3. d4 Bf5 4. a3 Nf6 5. Bg2 e6 6. O-O Bd6 7. c4 dxc4 8. Nh4
Bg6 9. Nxg6 hxg6 10. e4 e5 11. d5 Ne7 12. Qa4+ Qd7 13. Qxc4 O-O-O 14. Nc3 Kb8
15. Bg5 Rh5 16. Bxf6 gxf6 17. Qb5 Qc8 18. Qe2 f5 19. exf5 Nxf5 20. Nb5 Nd4 21.
Nxd4 exd4 22. Rfe1 Rdh8 23. h3 a6 24. b4 R5h6 25. Rad1 Rh5 26. Rxd4 Re5 27. Qd1
Rxe1+ 28. Qxe1 f5 29. Qe6 Rg8 30. Rd1 Qxe6 31. dxe6 Re8 32. Bd5 Be7 33. f4 Rd8
34. Kf2 c6 35. Bb3 Rxd1 36. Bxd1 c5 37. Ke3 Kc7 38. g4 fxg4 39. hxg4 cxb4 40.
axb4 Bxb4 41. Bc2 Kd6 42. Bxg6 Kxe6 43. Bf5+ Kf6 44. Bc8 a5 45. Bxb7 a4 46. Bd5
Bd6 47. Ke4 a3 48. Ba2 Kg6 49. g5 Bc7 50. Kf3 Kf5 51. Bb1+ Ke6 52. Kg4 Kf7 53.
f5 Be5 54. Ba2+ Kg7 55. Be6 Bc3 56. Kf3 Bb2 57. Ke4 a2 58. Bxa2 Bc1 59. f6+ Kg6
60. f7 Ba3 61. Kf4 Bd6+ 62. Kg4 Bc5 1/2-1/2

[Event "Chigorin Memorial 2019"]
[Site "St Petersburg RUS"]
[Date "2019.10.08"]
[Round "4.161"]
[White "Kotlyar, Anfisa"]
[Black "Chesnokova, Anna"]
[Result "0-1"]
[WhiteElo "1118"]
[BlackElo "1683"]
[WhiteFideId "24216291"]
[BlackFideId "34237453"]
[EventDate "2019.10.05"]

1. e4 c5 2. Nf3 Nc6 3. Bb5 g6 4. Bxc6 bxc6 5. d3 Bg7 6. Nbd2 e6 7. Rb1 Qa5 8. a3
Ne7 9. O-O d5 10. Nb3 Qb6 11. Be3 d4 12. Bf4 Ba6 13. Bd6 c4 14. Bc5 Qb5 15. dxc4
Qxc4 16. Bxd4 Qxf1+ 17. Qxf1 Bxf1 18. Bxg7 Rg8 19. Bf6 Bc4 20. Na5 Bb5 21. c4
Ba6 22. Bxe7 Kxe7 23. Nxc6+ Kd6 24. Nce5 Ke7 25. Rd1 Kf6 26. g4 Rad8 27. Rc1 Bb7
28. Re1 Ke7 29. Kf1 f6 0-1

[Event "Chigorin Memorial 2019"]
[Site "St Petersburg RUS"]
[Date "2019.10.08"]
[Round "4.162"]
[White "Davidov, Alexey"]
[Black "Terman, Elizaveta"]
[Result "1-0"]
[WhiteElo "1658"]
[BlackElo "1100"]
[WhiteFideId "34106410"]
[BlackFideId "34297014"]
[EventDate "2019.10.05"]

1. c4 Nf6 2. Nf3 g6 3. g3 Bg7 4. Bg2 O-O 5. O-O d6 6. Nc3 Nc6 7. d4 e5 8. dxe5
Nxe5 9. Nxe5 dxe5 10. Bg5 h6 11. Qxd8 Rxd8 12. Bxf6 Bxf6 13. Nd5 Bg7 14. Nxc7
Rb8 15. Rad1 Bd7 16. b3 Bc6 17. Nd5 Bxd5 18. Rxd5 Rxd5 19. Bxd5 b6 20. Rd1 Bf6
21. e4 Rd8 22. Rc1 Rc8 23. Kf1 Be7 24. Ke2 b5 25. Rd1 bxc4 26. Bxc4 Rd8 27. Rc1
Rd4 28. Bd5 Rb4 29. Rc7 Bd6 30. Rxa7 Rb8 31. Rxf7 1-0